| 000 | 01465nam0a2200313 4500 | ||
|---|---|---|---|
| 001 | RU\NLR\bibl\1214551 | ||
| 005 | 20260405161413.0 | ||
| 010 |
_a978-5-7856-0586-2 _91000 |
||
| 021 |
_aRU _b2008-12364 _9675 |
||
| 035 | _a(NLR Aleph) 001200949 | ||
| 090 |
_a1774490 _c1774490 |
||
| 100 | _a20080414d2007 |||y0rusy50 ca | ||
| 101 | 0 | _arus | |
| 102 | _aRU | ||
| 105 | _aa z ||||| | ||
| 200 | 1 |
_aМетодология управленческого учета и бюджетирования в транспортном строительстве _eмонография _fВ.Е. Чернышев _gРос. ун-т кооп., Каф. фин. менеджмента и налогового консалтинга |
|
| 210 |
_aМосква _cМаркетинг _d2007 |
||
| 215 |
_a169 с. _cил. _d21 |
||
| 320 | _aБиблиогр.: с. 166-169 (97 назв.) | ||
| 606 | 1 |
_aТранспортное строительство _xБухгалтерский учет _92522623 _3RU\NLR\auth\661494728 |
|
| 606 | 1 |
_aТранспортное строительство _xБюджетирование _92522625 _3RU\NLR\auth\661494729 |
|
| 686 | _aУ052.9(2)231.537 | ||
| 686 | _aУ31(2)537-93 | ||
| 700 | 1 |
_4070 _8rus _7ca _aЧернышев _bВ. Е. _cканд. экон. наук _f1960- _gВалерий Евгеньевич _3RU\NLR\auth\7767899 _950827 |
|
| 801 | 0 |
_aRU _bNLR _c20080414 _gRCR |
|
| 801 | 1 |
_aRU _bNLR _c20080414 |
|
| 942 | _cBOOK | ||
| 980 | _aNB | ||